|
|
|
|
| LEADER |
00000cam a2200000 a 4500 |
| 001 |
vtls008363294 |
| 003 |
SK-MaSNL |
| 005 |
20260301135511.0 |
| 008 |
240314s1955 xo 000 0 slo |
| 015 |
|
|
|a SNBA1955
|
| 035 |
|
|
|a SK01SNKBKSFS20010055511
|
| 035 |
|
|
|a SKM000057974
|
| 040 |
|
|
|a SNK
|b slo
|c SNK
|e AACR2
|
| 041 |
0 |
|
|a slo
|
| 044 |
|
|
|a xo
|c SK
|
| 080 |
|
|
|a 331.823
|2 1981
|
| 100 |
1 |
|
|a Bajla, Ján,
|d 1921-1985
|4 aut
|9 37619
|
| 245 |
1 |
0 |
|a Ochrana a bezpečnosť pri práci v zariadeniach Povereníctva kultúry 1955
|c Ján Bajla ; sprac Ľudovít Takáč
|
| 260 |
|
|
|a [Slovensko?]
|b [vydavateľ nie je známy]
|c 1955
|e Bratislava
|f Technografia
|
| 300 |
|
|
|a 126, [2] s.
|b [2] tb.
|c 4°
|
| 500 |
|
|
|a Rotaprint
|
| 650 |
0 |
7 |
|a bezpečnosť práce
|2 SNKPH
|9 1296
|
| 655 |
|
7 |
|a monografie
|2 SNKPH
|9 70139
|
| 700 |
1 |
|
|a Takáč, Ľudovít
|4 aut
|9 318579
|
| 852 |
|
|
|a Slovenská národná knižnica v Martine
|b 10000
|h MS SB 2319
|
| 958 |
|
|
|a OND
|
| 958 |
|
|
|a RK
|
| 958 |
|
|
|a RM
|
| 999 |
|
|
|c 760451
|d 762381
|
| 952 |
|
|
|a SNK
|b SNK
|y PREZ
|7 0
|o snkSB 2319
|0 0
|1 0
|4 0
|d 2013-10-16
|l 0
|r 2026-02-24 00:02:38
|w 2026-02-24
|
| 952 |
|
|
|a SNK
|b SNK
|y VYP
|7 0
|o snkSB 2319 D1
|0 0
|1 0
|4 0
|d 2013-10-16
|l 0
|r 2026-02-24 00:02:38
|w 2026-02-24
|